MARC

LEADER 00000nam0a2200000 4500
001 29255
005 20231030203247.0
010 |a 5020015407 
035 |a (RuTPU)RU\TPU\book\29515 
035 |a BOOK00029590 
090 |a 29255 
100 |a 20011209d1992 k y0rusy50 ca 
101 0 |a rus 
102 |a RU 
105 |a a z 001zy 
200 1 |a Пылеулавливание при бурении  |f А. С. Латкин, Б. С. Сажин, Е. Б. Шевкун; РАН, ДО, Ин-т горного дела 
210 |a Москва  |c Наука  |d 1992 
215 |a 110 с.  |c ил. 
320 |a Библиогр.: с. 108-111 (88 назв.). 
610 1 |a горное дело 
610 1 |a бурение 
610 1 |a пыль 
610 1 |a борьба 
610 1 |a пылеуловители 
610 1 |a пылеочистка 
675 |a 622.807.1  |v 3 
700 1 |a Латкин  |b А. С.  |g Александр Сергеевич 
701 1 |a Сажин  |b Б. С.  |g Борис Степанович 
701 1 |a Шевкун  |b Е. Б.  |g Евгений Борисович 
712 0 2 |a Российская академия наук  |b Дальневосточное отделение  |b Институт горного дела (ИГД ДО РАН)  |c (Хабаровск)  |2 stltpush  |3 (RuTPU)RU\TPU\col\4942 
801 0 |a RU  |b 63413507  |c 20011209  |g PSBO 
801 2 |a RU  |b 63413507  |c 20170110  |g PSBO 
942 |c BK